[Event "SVK Extraliga 2019-20"]
[Site "Slovakia"]
[Date "2020.02.29"]
[Round "7.5"]
[White "Dovzik, Juri"]
[Black "Vojtek, Vladimir"]
[Result "1-0"]
[WhiteElo "2274"]
[BlackElo "2252"]
[Annotator "ChessBase"]
[PlyCount "124"]
[EventDate "2019.10.19"]
[EventType "team-tourn"]
[EventCountry "SVK"]
[SourceTitle "playchess.com"]
[Source "ChessBase"]
[SourceQuality "1"]
[WhiteTeam "Kosice"]
[BlackTeam "Dubnica"]
[TimeControl "40/5400+30:1800+30"]

1. c4 {[%emt 0:00:04]} e5 {[%emt 0:00:12]} 2. Nc3 {[%emt 0:00:35]} Nf6 {[%emt 0:00:16]} 3. e3 {[%emt 0:01:29]} d5 {[%emt 0:02:25]} 4. cxd5 {[%emt 0:03:05]} Nxd5 {[%emt 0:00:11]} 5. Nf3 {[%emt 0:02:34]} Nxc3 {[%emt 0:05:17]} 6. bxc3 {[%emt 0:00:14]} Bd6 {[%emt 0:00:55]} 7. d4 {[%emt 0:06:29]} Nd7 {[%emt 0:14:59]} 8. Be2 {[%emt 0:10:10]} O-O {[%emt 0:02:11]} 9. O-O {[%emt 0:00:13]} Re8 {[%emt 0:06:36]} 10. a4 {[%emt 0:06:02]} Qe7 {[%emt 0:07:54]} 11. a5 {[%emt 0:01:54]} Rb8 {[%emt 0:01:48]} 12. Re1 {[%emt 0:03:33]} h6 {[%emt 0:12:46]} 13. e4 {[%emt 0:22:37]} c6 {[%emt 0:13:18]} 14. Bf1 {[%emt 0:08:19]} b5 {[%emt 0:10:53]} 15. axb6 {[%emt 0:03:14]} axb6 {[%emt 0:00:06]} 16. h3 {[%emt 0:00:56]} b5 {[%emt 0:02:49]} 17. Rb1 {[%emt 0:10:36]} Rd8 {[%emt 0:05:50]} 18. Qc2 {[%emt 0:02:04]} Qf6 {[%emt 0:01:51]} 19. Be3 {[%emt 0:01:13]} Bb7 {[%emt 0:01:31]} 20. c4 bxc4 {[%emt 0:01:23]} 21. Bxc4 {[%emt 0:03:01]} Ba8 {[%emt 0:02:07]} 22. Rxb8 {[%emt 0:03:59]} Rxb8 {[%emt 0:00:41]} 23. Rb1 {[%emt 0:00:28]} Rf8 {[%emt 0:01:13]} 24. Rd1 {[%emt 0:01:53]} Bc7 {[%emt 0:02:36]} 25. Qa2 {[%emt 0:02:34]} exd4 {[%emt 0:01:21]} 26. Bxd4 {[%emt 0:00:08]} Ne5 {[%emt 0:00:45]} 27. Nxe5 {[%emt 0:01:49]} Bxe5 {[%emt 0:00:02]} 28. Bxe5 {[%emt 0:00:11]} Qxe5 {[%emt 0:00:04]} 29. Bxf7+ {[%emt 0:00:25]} Kh8 {[%emt 0:00:23]} 30. f3 {[%emt 0:02:07]} Bb7 {[%emt 0:01:24]} 31. Be6 {[%emt 0:00:48]} Ra8 {[%emt 0:01:02]} 32. Qb3 {[%emt 0:00:25]} Ba6 {[%emt 0:00:17]} 33. Bf5 {[%emt 0:01:12]} Bb5 {[%emt 0:00:26]} 34. Qf7 {[%emt 0:00:35]} Qg3 {[%emt 0:00:37]} 35. Qe7 {[%emt 0:00:46]} Qb8 {[%emt 0:00:32]} 36. e5 {[%emt 0:01:03]} Bc4 {[%emt 0:00:19]} 37. Be4 {[%emt 0:00:32]} Bg8 {[%emt 0:00:24]} 38. Rd7 {[%emt 0:00:32]} Qf8 {[%emt 0:00:31]} 39. Qxf8 {[%emt 0:00:17]} Rxf8 {[%emt 0:00:21]} 40. Bxc6 {[%emt 0:00:03]} Re8 {[%emt 0:00:34]} 41. f4 {[%emt 0:31:09]} g5 {[%emt 0:01:28]} 42. g3 {[%emt 0:00:00]} gxf4 {[%emt 0:01:56]} 43. gxf4 {[%emt 0:00:00]} Rf8 {[%emt 0:00:27]} 44. Rd4 {[%emt 0:00:00]} Rc8 {[%emt 0:00:58]} 45. Bf3 {[%emt 0:00:00]} Kg7 {[%emt 0:00:44]} 46. Bg4 {[%emt 0:00:00]} Rc3 {[%emt 0:00:22]} 47. Rd7+ {[%emt 0:00:00]} Kf8 {[%emt 0:01:45]} 48. e6 {[%emt 0:00:00]} h5 {[%emt 0:05:45]} 49. e7+ {[%emt 0:00:00]} Ke8 {[%emt 0:00:54]} 50. Bxh5+ {[%emt 0:00:00]} Bf7 {[%emt 0:00:13]} 51. Bxf7+ {[%emt 0:00:00]} Kxf7 {[%emt 0:00:01]} 52. Kg2 {[%emt 0:00:00]} Rb3 {[%emt 0:02:06]} 53. Rc7 {[%emt 0:00:00]} Ra3 {[%emt 0:01:25]} 54. h4 {[%emt 0:00:01]} Ke8 {[%emt 0:04:01]} 55. f5 {[%emt 0:01:06]} Kf7 {[%emt 0:02:07]} 56. f6 {[%emt 0:00:23]} Ra8 {[%emt 0:00:05]} 57. Rc6 {[%emt 0:00:20]} Ra2+ {[%emt 0:02:13]} 58. Kf3 {[%emt 0:00:08]} Ra3+ {[%emt 0:00:02]} 59. Ke4 {[%emt 0:00:33]} Ra4+ {[%emt 0:00:03]} 60. Ke5 {[%emt 0:01:31]} Ra5+ {[%emt 0:00:13]} 61. Kd6 {[%emt 0:01:12]} Ra8 {[%emt 0:02:34]} 62. Kd7 {[%emt 0:00:21]} Ra1 {[%emt 0:00:14]} 1-0

[Event "SVK Extraliga 2019-20"]
[Site "Slovakia"]
[Date "2020.02.29"]
[Round "7.5"]
[White "Holtman, Teodor"]
[Black "Federic, Jozef"]
[Result "1/2-1/2"]
[WhiteElo "2252"]
[BlackElo "2221"]
[Annotator "ChessBase"]
[PlyCount "55"]
[EventDate "2019.10.19"]
[EventType "team-tourn"]
[EventCountry "SVK"]
[SourceTitle "playchess.com"]
[Source "ChessBase"]
[SourceQuality "1"]
[WhiteTeam "Snina"]
[BlackTeam "Modra"]
[TimeControl "40/5400+30:1800+30"]

1. e4 {[%emt 0:00:00]} c5 {[%emt 0:00:00]} 2. Nc3 {[%emt 0:00:00]} e6 {[%emt 0:00:09]} 3. Nf3 {[%emt 0:00:00]} Nc6 {[%emt 0:01:17]} 4. d4 {[%emt 0:00:00]} cxd4 {[%emt 0:00:08]} 5. Nxd4 {[%emt 0:00:00]} Nf6 {[%emt 0:00:47]} 6. Nxc6 {[%emt 0:01:10]} bxc6 {[%emt 0:00:06]} 7. e5 {[%emt 0:00:04]} Nd5 {[%emt 0:00:11]} 8. Ne4 {[%emt 0:00:04]} Qc7 {[%emt 0:00:40]} 9. f4 {[%emt 0:00:04]} Qb6 {[%emt 0:00:30]} 10. a3 {[%emt 0:05:59]} f5 {[%emt 0:13:25]} 11. exf6 {[%emt 0:02:25]} Nxf6 {[%emt 0:00:32]} 12. Nxf6+ {[%emt 0:03:28]} gxf6 {[%emt 0:00:03]} 13. Qh5+ {[%emt 0:11:44]} Ke7 {[%emt 0:01:52]} 14. Be2 {[%emt 0:14:23]} Ba6 {[%emt 0:05:10]} 15. c4 {[%emt 0:03:45]} d5 {[%emt 0:07:10]} 16. Bd2 {[%emt 0:06:51]} Re8 {[%emt 0:12:44]} 17. O-O-O {[%emt 0:06:38]} Kd7 {[%emt 0:04:49]} 18. f5 {[%emt 0:07:01]} e5 {[%emt 0:14:30]} 19. Qf7+ {[%emt 0:03:37]} Re7 {[%emt 0:00:43]} 20. Qxf6 {[%emt 0:00:39]} Bg7 {[%emt 0:00:09]} 21. Qh4 {[%emt 0:00:24]} Rb8 {[%emt 0:01:31]} 22. Bb4 {[%emt 0:05:06]} Qe3+ {[%emt 0:00:21]} 23. Kb1 {[%emt 0:01:08]} Rxb4 {[%emt 0:02:50]} 24. axb4 {[%emt 0:00:02]} Qxe2 {[%emt 0:00:10]} 25. f6 {[%emt 0:03:07]} Bxf6 {[%emt 0:04:20]} 26. Qxf6 {[%emt 0:00:03]} Bxc4 {[%emt 0:00:20]} 27. Qf5+ {[%emt 0:00:51]} Kd6 {[%emt 0:01:11]} 28. Qf6+ {[%emt 0:04:49]} 1/2-1/2

[Event "SVK Extraliga 2019-20"]
[Site "Slovakia"]
[Date "2020.02.29"]
[Round "7.6"]
[White "Kostolansky, Sebastian Lukas"]
[Black "Matejovic, Juraj"]
[Result "1-0"]
[WhiteElo "2412"]
[BlackElo "2216"]
[Annotator "TA"]
[PlyCount "73"]
[EventDate "2019.10.19"]
[EventType "team-tourn"]
[EventCountry "SVK"]
[SourceTitle "playchess.com"]
[Source "ChessBase"]
[SourceQuality "1"]
[WhiteTeam "Slovan"]
[BlackTeam "Dunajov"]

{[%evp 17,73,17,19,5,19,21,25,32,26,16,95,88,108,108,104,88,177,192,239,216,283,276,261,261,262,254,332,283,285,272,257,230,331,328,370,362,356,305,295,295,377,382,371,355,357,340,354,354,339,338,325,314,408,399,544,543,530,529]} 1. e4 c5 2. Nf3 e6 3. d4 cxd4 4. Nxd4 Nf6 5. Bd3 Nc6 6. Nxc6 dxc6 7. O-O e5 8. Nd2 Qc7 9. Nc4 Bc5 10. a4 {B40: Sicilian: 2...e6, Unusual lines.} Bg4 11. Qe1 Be6 12. b4 {White has an edge.} Be7 {[#]} 13. a5 $146 ({Predecessor:} 13. Rb1 O-O 14. f4 Nd7 15. Qg3 b5 16. Nxe5 Nxe5 17. fxe5 Rfd8 18. axb5 cxb5 19. Be3 {1-0 (32) Sanz Alonso,F (2410)-Alonso Pascual,F (2225) Zamora 1996}) 13... Nh5 (13... Nd7 $11 {keeps the balance.}) 14. Qc3 $16 f6 15. g3 O-O 16. Ne3 Bh3 (16... Rfc8 $16 {is a better defense.}) 17. Rd1 $18 {Strongly threatening Be2.} Rac8 18. Nf5 g6 19. Nxe7+ Qxe7 20. Be3 Rf7 21. Bxa7 Be6 22. Bc5 Qe8 23. Be2 Ng7 24. Rd6 Ra8 (24... Rd7 $142 25. Rxd7 Qxd7) 25. Rad1 Rd7 26. Rxd7 Bxd7 27. Qd2 Be6 28. Qd6 Qf7 {[#]} 29. a6 $1 {[%mdl 576] Decoy} bxa6 30. Qxc6 Qe8 31. Qxe8+ Nxe8 32. Ra1 Nc7 33. Bb6 Rc8 34. c4 Na8 35. Ba5 Bxc4 36. Rc1 Be6 37. Rxc8+ {Black did not feel at home in the position after the opening. Accuracy: White = 96%, Black = 42%.} 1-0

[Event "SVK Extraliga 2019-20"]
[Site "Slovakia"]
[Date "2020.02.29"]
[Round "7.6"]
[White "Csonka, Attila Istvan"]
[Black "Mikrut, Dariusz"]
[Result "0-1"]
[WhiteElo "2355"]
[BlackElo "2385"]
[Annotator "TA"]
[PlyCount "48"]
[EventDate "2019.10.19"]
[EventType "team-tourn"]
[EventCountry "SVK"]
[SourceTitle "playchess.com"]
[Source "ChessBase"]
[SourceQuality "1"]
[WhiteTeam "Streda"]
[BlackTeam "Prakovce"]

{[%evp 10,48,0,0,-223,0,-17,0,0,-39,-29,-36,-53,-124,-129,-119,5,0,0,-245,-9,-14,-8,-41,0,-200,-210,-353,-354,-415,-404,-1059,-1035,-1549,-1289,-1265,-956,-29988,-29989,-29997,-29998]} 1. e4 e5 2. Nf3 Nc6 3. c3 Nf6 4. d4 Nxe4 5. d5 Bc5 6. dxc6 Bxf2+ {C44: Ponziani Opening and Scotch Gambit.} 7. Ke2 {Threatens to win with Qd3.} Bb6 $1 {Black wants to play ...d5.} 8. Qd5 {[%mdl 64] Double Attack} Nf2 $1 {The position is equal.} 9. cxb7 Bxb7 10. Qxb7 {And now Rg1 would win.} Nxh1 11. Bg5 (11. a4 $15 Rb8 12. Qe4) 11... f6 $17 {...Rb8 is the strong threat.} 12. Be3 Bxe3 (12... Rb8 $1 $17 {[%cal Rb8b7]} 13. Qe4 Bxe3 14. Qxe3 Rxb2+ 15. Nbd2 O-O) 13. Kxe3 $11 {Hoping for Bc4.} Rb8 $36 {[%mdl 2048] White is under pressure.} 14. Qa6 $2 {[#]} (14. Qd5 $1 $11 {and White has nothing to worry.}) 14... O-O $146 ({Worse is} 14... Rxb2 15. Nbd2 $15) ({Better is} 14... e4 $1 $19 {[%cal Re4f3]} 15. Kxe4 Qe7+ 16. Kd4 c5+ 17. Kd5 Rb6 18. Qc8+ {[%mdl 64] Double Attack} Kf7 $1 {[%mdl 512]} 19. Qxh8 Nf2 20. Qxh7 Qe6+ 21. Kxc5 Qd6+ 22. Kc4 Qc7+ 23. Kd4 Qf4+ 24. Kc5 (24. Kd5 Rc6 25. Qh5+ Ke7 26. Qf7+ {[%mdl 64] Decoy} Kxf7 27. Ng5+ fxg5 28. h3 Qe4#) 24... Rc6+ 25. Kb5 a6+ 26. Ka5 Rc5+ 27. Kxa6 Qd6+ 28. Kb7 Qc7+ 29. Ka8 Ra5+ 30. Ba6 Rxa6#) ({Predecessor:} 14... e4 15. Nbd2 exf3 16. Kxf3 O-O 17. Bc4+ Kh8 18. Qa3 f5 19. Rxh1 Qg5 20. Re1 Qxd2 21. Qe7 Qxb2 22. Bf7 Qxc3+ 23. Re3 Qc6+ 24. Kf4 Qxg2 25. Be8 Qg4+ {0-1 (25) Broekmeulen,J (2371)-Nieto,E (2345) Belgium 2010}) 15. Bc4+ $1 Kh8 {aiming for ...e4.} 16. Nbd2 d5 (16... e4 $5 17. Nxe4 Re8 $17) 17. Rxh1 $2 (17. Bb3 $1 $11 {and White stays safe.}) 17... dxc4 $19 18. Nxc4 {[#]} (18. Qxc4 {keeps fighting.} Rxb2 19. Qd3) 18... e4 $1 {[%mdl 512]} 19. Nd4 (19. Kxe4 Re8+) 19... c5 20. Nf5 (20. Qd6 $142 cxd4+ 21. cxd4) 20... Qd3+ 21. Kf4 {[#]} Rxb2 $1 {[%mdl 512] ( -> ...g5+)} 22. Nfe3 (22. Nxb2 Qxa6) 22... g5+ 23. Kg4 {[#]} Rxg2+ $1 {[%mdl 512]} 24. Kf5 (24. Nxg2 Qf3#) 24... Rf2+ {Accuracy: White = 30%, Black = 64%.} 0-1

[Event "SVK Extraliga 2019-20"]
[Site "Slovakia"]
[Date "2020.02.29"]
[Round "7.6"]
[White "Zpevak, Pavel"]
[Black "Klemanic, Emil"]
[Result "1-0"]
[WhiteElo "2347"]
[BlackElo "2097"]
[Annotator "TA"]
[PlyCount "67"]
[EventDate "2019.10.19"]
[EventType "team-tourn"]
[EventCountry "SVK"]
[SourceTitle "playchess.com"]
[Source "ChessBase"]
[SourceQuality "1"]
[WhiteTeam "Dubnica"]
[BlackTeam "Kosice"]

{[%evp 16,67,24,17,31,6,43,35,59,27,36,27,37,24,39,33,31,15,92,95,133,111,104,40,131,146,138,129,139,137,156,145,140,143,158,156,210,105,225,225,279,278,349,300,429,417,1884,1825,29986,29987,29987,29988,29988,29989]} 1. d4 Nf6 2. c4 d6 3. Nf3 g6 4. Nc3 Bg7 5. Bg5 O-O 6. e3 h6 7. Bh4 g5 8. Bg3 Nh5 9. Qc2 f5 {E61: King's Indian: Early deviations for White, including Smyslov System.} 10. O-O-O e6 11. Be2 Nd7 {White is slightly better.} 12. Ne1 Ndf6 13. f3 Nxg3 14. hxg3 Bd7 15. Nd3 {[#]} a6 $146 ({Predecessor:} 15... Be8 16. Nf2 Qe7 17. e4 e5 18. exf5 exd4 19. Nce4 h5 20. Kb1 Nxe4 21. Nxe4 Rxf5 {0-1 (35) Lputian,S-Grigorian,K (2480) Frunze 1979}) 16. e4 Qe8 (16... b5 $11 {remains equal.}) 17. e5 $16 Nh7 18. f4 g4 19. Rhe1 ({White should try} 19. c5 $16) 19... dxe5 (19... Qf7 $14) 20. Nxe5 Bxe5 21. fxe5 ({Don't do} 21. dxe5 Kg7 $14) 21... Ng5 22. Bd3 b5 23. Rh1 Kg7 24. Ne2 Qe7 25. Nf4 Be8 {[#]} (25... c6 $16 26. Qc3 bxc4) 26. Rde1 ({White should play} 26. d5 $1 $18) 26... c6 {[#]} (26... bxc4 $16 {was necessary.} 27. Qxc4 (27. Bxc4 c6 $16) 27... c6) 27. d5 $1 $18 cxd5 28. cxd5 Qd8 {White must now prevent ...Rc8.} 29. Kb1 Rc8 (29... Bf7 $142 30. Qc6 Rb8 31. Qxa6 (31. dxe6 Rb6 $18) 31... Re8) 30. Qd2 exd5 {[#]} (30... Rh8 $142 31. dxe6 Ne4) 31. Ne6+ $1 {[%mdl 576] Decoy} Nxe6 32. Qxh6+ {[%mdl 64] Double Attack. White mates.} Kf7 33. Qh7+ Ng7 34. e6+ {Accuracy: White = 79%, Black = 41%.} 1-0

[Event "SVK Extraliga 2019-20"]
[Site "Slovakia"]
[Date "2020.02.29"]
[Round "7.6"]
[White "Jakab, Bela"]
[Black "Hrabusa, Matej"]
[Result "1-0"]
[WhiteElo "2305"]
[BlackElo "2365"]
[Annotator "TA"]
[PlyCount "77"]
[EventDate "2019.10.19"]
[EventType "team-tourn"]
[EventCountry "SVK"]
[SourceTitle "playchess.com"]
[Source "ChessBase"]
[SourceQuality "1"]
[WhiteTeam "Podhajska"]
[BlackTeam "Liptovska"]

{[%evp 11,77,18,18,8,13,2,9,0,24,0,23,0,16,0,0,-17,-13,-7,0,-24,-21,-29,27,15,39,0,64,45,45,45,58,62,54,35,52,15,34,30,57,56,66,50,84,39,123,120,122,113,269,229,285,281,398,401,375,389,1052,1025,29968,29968,29987,29988,29990,29977,29976,12842,29996,29997]} 1. e4 c5 2. Nf3 d6 3. Bb5+ Bd7 4. Bxd7+ Nxd7 5. O-O Ngf6 6. Qe2 Rc8 7. b3 {B52: Sicilian: Moscow Variation with 3...Bd7.} g6 8. Bb2 Bg7 9. c4 {The position is equal.} O-O 10. Nc3 a6 11. Rad1 {[#]} Re8 $146 ({Predecessor:} 11... Qc7 12. d4 cxd4 13. Nxd4 Nc5 14. Rfe1 Rfd8 15. f3 e6 16. Qf2 Qb6 17. Nc2 Qc6 {1-0 (66) Gorozhankina,J (2022)-Khazieva,E (1727) Izhevsk 2010}) 12. d3 Qa5 13. Rd2 b5 14. Nd5 e5 15. Rc2 Nxd5 16. cxd5 Rf8 (16... Qxa2 $142 17. Bxe5 Qxb3) 17. a3 Rce8 18. b4 Qb6 ({Black should try} 18... Qa4 $11) 19. h4 Rc8 20. Bc1 h6 21. Be3 f5 22. bxc5 dxc5 23. Nh2 f4 24. Bd2 h5 25. Rfc1 Bf6 26. Qf3 Rce8 27. Qh3 Qd6 (27... Rf7 $14) 28. Nf3 $16 Rf7 29. Ba5 Rfe7 $2 {This costs Black the game.} (29... Qe7 $16 {might work better.}) 30. Nd2 $1 $18 Rf7 31. Nb3 Qe7 (31... Rc8 $142 32. Bb4 Rc7 33. Nxc5 Nxc5 34. Rxc5 Rxc5 35. Rxc5 Qd7 36. Qxd7 Rxd7) 32. Nxc5 Nxc5 33. Rxc5 Bxh4 $2 (33... Rg7 34. Bb4 Qd7 35. Qxd7 Rxd7) 34. Rc7 Qxa3 35. Qxh4 Rxc7 36. Rxc7 Qxa5 37. d6 Rf8 {[#]} 38. Qe7 (38. Qg5 $142 $1 {[%mdl 512]} Qxc7 {[%mdl 64] Remove Defender} 39. dxc7 Kh7 40. Qe7+ {[%mdl 64] Double Attack} Kg8 {[#]} 41. Qxf8+ $1 {[%mdl 576] Remove Defender, Promotion} Kxf8 42. c8=Q+ {[%mdl 64] Double Attack} Kg7 43. d4 exd4 44. e5) 38... Qe1+ 39. Kh2 {Accuracy: White = 83%, Black = 54%.} 1-0

[Event "SVK Extraliga 2019-20"]
[Site "Slovakia"]
[Date "2020.02.29"]
[Round "7.6"]
[White "Mydlarik, Martin"]
[Black "Krak, Tomas"]
[Result "0-1"]
[WhiteElo "2089"]
[BlackElo "2336"]
[Annotator "TA"]
[PlyCount "62"]
[EventDate "2019.10.19"]
[EventType "team-tourn"]
[EventCountry "SVK"]
[SourceTitle "playchess.com"]
[Source "ChessBase"]
[SourceQuality "1"]
[WhiteTeam "Modra"]
[BlackTeam "Snina"]

{[%evp 16,62,20,0,0,-11,-16,-11,0,-8,-11,-7,-6,-6,0,-4,-8,-24,-19,-86,-59,-108,-105,-197,-173,-428,-439,-430,-429,-520,-523,-516,-505,-473,-482,-652,-662,-662,-622,-714,-717,-705,-703,-789,-772,-987,-987,-1172,-1165]} 1. c4 Nf6 2. Nc3 g6 3. g3 c5 4. Bg2 Nc6 5. Nf3 d6 6. O-O Bg7 7. d4 cxd4 8. Nxd4 Bd7 9. Nb3 Qc8 {is the legacy move (9...b6). A31: Symmetrical English: 2 Nf3 Nf6 3 d4.} 10. c5 dxc5 11. Nxc5 Bh3 {[#] The position is equal.} 12. Qa4 $146 ({Predecessor:} 12. Bf4 O-O 13. Rc1 Rd8 14. Nd3 h6 15. Qb3 Bxg2 16. Kxg2 Nd4 17. Qb4 Qc6+ 18. f3 {0-1 (44) Slacky,S (2198)-Oprea,E (2125) Slovakia 2012}) 12... Bxg2 13. Kxg2 O-O 14. Rd1 b6 {[%cal Bb7b6,Bb6b5,Bb5b4][%mdl 32]} 15. Nd3 Rd8 $36 {[%mdl 2048] Black fights for an advantage.} 16. Bf4 Nd4 17. Ne5 (17. Rd2 $1 $11) 17... Qb7+ 18. f3 b5 19. Qa5 (19. Qb4 $17 {might work better.} a5 20. Qc5) 19... Nh5 $19 20. Ng4 $2 {[#]} (20. Kf2 {was worth a try.}) 20... Nxf4+ {Black is clearly winning.} 21. gxf4 b4 22. Na4 Rd5 23. Nc5 Qc6 24. Rac1 Nxe2 25. Nb3 Nxf4+ 26. Kg3 Nh5+ 27. Kg2 Rxa5 28. Rxc6 Rxa2 29. Nc5 Rxb2+ 30. Kg1 Nf4 31. Rd7 h5 {[%mdl 64] Decoy. Accuracy: White = 34%, Black = 94%.} 0-1

[Event "SVK Extraliga 2019-20"]
[Site "Slovakia"]
[Date "2020.02.29"]
[Round "7.6"]
[White "Walterova, Ema"]
[Black "Jurcik, Martin"]
[Result "0-1"]
[WhiteElo "1807"]
[BlackElo "2382"]
[Annotator "TA"]
[PlyCount "136"]
[EventDate "2019.10.19"]
[EventType "team-tourn"]
[EventCountry "SVK"]
[SourceTitle "playchess.com"]
[Source "ChessBase"]
[SourceQuality "1"]
[WhiteTeam "Bratislava"]
[BlackTeam "Zilina"]

{[%evp 15,136,20,34,30,46,39,45,0,0,-13,-14,-19,17,-82,-91,-79,-76,-75,-35,-60,-54,-72,-33,-36,-7,-8,-4,-47,-31,-57,-46,-90,-63,-140,-140,-135,-135,-137,-117,-118,-74,-152,-147,-189,-176,-303,-303,-283,-234,-392,-409,-601,-595,-566,-554,-547,-410,-401,-412,-409,-406,-434,-430,-449,-444,-457,-455,-439,-443,-396,-401,-448,-434,-472,-465,-441,-424,-379,-368,-393,-344,-514,-490,-530,-533,-508,-499,-566,-539,-1327,-1264,-1166,-1047,-1023,-950,-2168,-2089,-1989,-2042,-1606,-1573,-993,-847,-29968,-29967,-29975,-29976,-29975,-29975,-29975,-29976,-29976,-29977,-29984,-29983,-29988,-29989,-29989,-29990,-29990,-29990,-29991,-29992]} 1. e4 g6 2. d4 Bg7 3. Nf3 d6 4. Be2 c5 5. O-O cxd4 6. Nxd4 Nf6 7. Nc3 O-O 8. Be3 Nbd7 9. Qd2 {B72: Sicilian Dragon: 6 Be3, lines with h3+Bc4 and sidelines.} Re8 10. Rad1 a6 {[#]} 11. a3 $146 {White is slightly better.} ({Predecessor:} 11. f4 Qc7 12. Kh1 b5 13. Bf3 Bb7 14. a3 Nb6 15. Qf2 Na4 16. Nxa4 bxa4 17. e5 dxe5 18. fxe5 Bxf3 19. Nxf3 {0-1 (38) Zelcic,R (2578)-Georgiev,K (2649) Heraklion 2007}) 11... b5 12. Rfe1 Bb7 13. f3 Rc8 14. Na2 (14. a4 $11 {keeps the balance.}) 14... d5 $17 15. exd5 Nxd5 16. Bf2 Qc7 (16... Be5 $5 {[%cal Re5f4]} 17. g3 e6 $11) 17. c3 Nc5 18. Nb4 {[#] Nxd5 is the strong threat.} Rcd8 19. Qc2 Be5 20. g3 Bf6 21. Nb3 Na4 22. Rd2 e6 23. Red1 Rc8 24. Bd4 (24. Rd3 $15) 24... Bxd4+ 25. cxd4 Qxc2 26. Rxc2 Rxc2 27. Nxc2 Rc8 28. Ne1 (28. Rd2 $142) 28... Nxb2 29. Rb1 Na4 $36 {[%mdl 2048] [#] Strongly threatening ...Ndc3. Black is on the roll.} 30. Bf1 (30. Rc1 {keeps fighting.}) 30... Rc3 $19 31. Nd3 Ndb6 32. f4 $2 (32. Nbc5 Bd5 33. Nxa6) 32... Be4 33. Nbc1 (33. Nbc5 $142 Bxd3 34. Bxd3) 33... Rxa3 34. Kf2 Nd5 35. Rb3 Rxb3 36. Nxb3 Bxd3 37. Bxd3 {[%mdl 4096] Endgame KBN-KNN} Kf8 38. Kf3 Ke7 39. g4 Kd6 40. f5 exf5 41. gxf5 Ne7 42. fxg6 hxg6 43. Be4 Nd5 44. h4 Nab6 45. Nc5 Nc7 46. Nb7+ Ke6 47. Nd8+ Kf6 48. Nb7 (48. Nc6 $142) 48... Nc4 49. Bd3 Ke6 50. Nd8+ Ke7 51. Nc6+ Kd6 52. Bxc4 bxc4 {KN-KN} 53. Ne5 Kd5 54. Ke3 Nb5 55. Nxf7 Nxd4 56. Ng5 Nf5+ 57. Kd2 Nxh4 58. Kc3 a5 59. Nh3 Ng2 {Black mates.} 60. Nf2 Nf4 61. Ng4 Kc5 62. Ne5 Nd5+ 63. Kc2 g5 64. Ng4 Kd4 65. Nh2 Ne3+ 66. Kc1 g4 67. Kd2 c3+ 68. Kc1 Kd3 {Accuracy: White = 47%, Black = 85%.} 0-1

[Event "SVK Extraliga 2019-20"]
[Site "Slovakia"]
[Date "2020.02.29"]
[Round "7.7"]
[White "Haring, Viktor"]
[Black "Likavsky, Tomas"]
[Result "1-0"]
[WhiteElo "2272"]
[BlackElo "2429"]
[Annotator "TA"]
[PlyCount "85"]
[EventDate "2019.10.19"]
[EventType "team-tourn"]
[EventCountry "SVK"]
[SourceTitle "playchess.com"]
[Source "ChessBase"]
[SourceQuality "1"]
[WhiteTeam "Liptovska"]
[BlackTeam "Podhajska"]

{[%evp 21,85,35,34,26,29,35,55,70,85,73,81,66,150,154,138,156,152,-14,-15,-55,-63,-68,-70,-71,-63,-73,-66,-70,-47,-45,-40,-45,-8,-9,-14,-60,-35,-22,-33,-35,-28,-31,-27,-74,-6,-37,-46,-36,-18,-55,-45,-46,-30,-59,0,0,0,0,0,0,0,0,160,151,252,252]} 1. e4 c5 2. Nf3 d6 3. d4 cxd4 4. Nxd4 Nf6 5. Nc3 Nc6 6. Bg5 e6 7. Qd2 a6 8. O-O-O Bd7 9. f4 b5 10. Bxf6 gxf6 11. Nxc6 Bxc6 12. f5 {B67: Sicilian: Richter-Rauzer: 7...a6 8 0-0-0 Bd7, lines without 9 f4 Be7.} b4 13. Ne2 Bxe4 {[#]} 14. Ng3 $146 {White is slightly better.} ({Predecessor:} 14. fxe6 fxe6 15. Qe3 d5 16. Ng3 h5 17. Kb1 f5 18. Be2 h4 19. Nxe4 fxe4 20. Bg4 Qd6 21. Qg5 Rh6 22. Rhf1 Qe7 23. Bh5+ Kd7 24. Rf7 {1-0 (24) Kaphle,S (2152)-Torres Rosas,L (2004) Kemer 2009}) 14... Bd5 15. fxe6 fxe6 16. Qxb4 Bh6+ ({Black should play} 16... Rb8 $14 17. Qg4 Qc7) 17. Kb1 $16 {Strongly threatening c4.} Rb8 18. Qa4+ Qd7 19. Qxd7+ $2 (19. Qg4 $1 $16 {[%cal Rg4h5]} Qg7 20. Qh5+ Qg6 21. Rxd5 (21. Bxa6 Qxh5 22. Nxh5 Ke7 $11) 21... exd5 22. Qxd5) 19... Kxd7 $11 20. a4 Bb7 $36 {[%mdl 2048] Black is more active.} 21. Bc4 $1 Bf4 22. Ne2 $1 {[%cal Re2f4]} Be5 23. Nd4 $1 d5 24. Bb3 h5 25. Rhe1 Rbg8 26. Re2 Rg4 (26... Bxd4 $5 27. Rxd4 Rg4 $15) 27. Nf3 Bd6 28. g3 a5 29. Nd4 Re8 30. c3 h4 31. gxh4 Rxh4 32. Rde1 {[%cal Re2e6] [#]} Re4 (32... e5 $1 $17) 33. Bc2 Rxe2 34. Rxe2 Be5 35. Nf3 Kd6 36. h4 Bf4 37. Nd4 Re7 (37... Bc8 $15) 38. h5 Bc8 39. Rg2 Bg5 40. Nf3 Be3 $1 41. Rg6 Rf7 $2 {[#]} (41... Re8 $11) 42. h6 $1 $16 {Hoping for Rg7.} f5 (42... e5 $16) 43. Rg7 {Accuracy: White = 73%, Black = 67%.} 1-0